000 01627nam a2200457 i 4500
001 10382
003 KOSZ 005
005 20250523063411.0
008 s1995 pl f |000 0 pol
020 _a8386123516
022 _a0239-7129
040 _cKOSZ 005
_aKOSZ 005
_dKOSZ 005/EG
041 0 _apol
_beng
080 _a004.94
080 _a519.87
080 _a(075.8)
100 1 _aTarnowski, Wojciech
_d(1936-2024)
_eAutor
245 1 0 _aSymulacja komputerowa procesów ciągłych /
_cWojciech Tarnowski.
260 _aKoszalin :
_bWydawnictwo Uczelniane WSI,
_c1995.
300 _a248 s. :
_brys., wykr. ;
_c24 cm.
336 _2rdacontent
_aTekst
_btxt
337 _2rdamedia
_aBez urządzenia pośredniczącego
_bn
338 _2rdacarrier
_aWolumin
_bnc
380 _aKsiążki
380 _aPublikacje dydaktyczne
385 _mPoziom nauczania
_aSzkoły wyższe
388 _a1901-2000
388 _a1989-2000
490 1 _aMonografia Wydziału Mechanicznego,
_x0239-7129 ;
_vnr 56
504 _aBibliogr. s.242-243. - Indeks.
650 7 _aSymulacja
650 7 _aTechnika
650 7 _aModele matematyczne
655 7 _aPodręczniki akademickie
658 _aInżynieria i technika
710 2 _aWydawnictwo Uczelniane (Wyższa Szkoła Inżynierska ; Koszalin)
830 _aMonografia Wydziału Mechanicznego,
_v56
856 _uhttp://koha.tu.koszalin.pl/cgi-bin/koha/opac-detail.pl?biblionumber=10382
_yKatalog online BPK
856 _uhttp://dlibra.tu.koszalin.pl/dlibra/docmetadata?id=1228
_yBiblioteka Cyfrowa
942 _cKS
_2UKD
999 _c10382
_d10382